000 01451nam2a2200313 4500
001 RU\NLR\BIBL_A\010705200
005 20250806205229.0
035 _a(NLR Aleph) 010705200
090 _a51293
_c51293
100 _a20250806 rusy50
101 0 _arus
102 _aRU
135 _acrgn 008anaba
200 0 _a1942, 24 сент.
210 _d1942
325 1 _aКопия доступна в электронной библиотеке РНБ
461 0 _1001RU\NLR\BIBL_A\010701411
_12001#$aНавстречу зиме$eоднодневная газета Красногвардейского РК ВКП (б) и исполкома райсовета депутатов трудящихся$v1942, 24 сент.
852 _aNLR
_jОдн1942/20
856 0 _uhttp://vivaldi.nlr.ru/pn000150823/view
856 1 _uhttp://vivaldi.nlr.ru/pn000150823/cover
856 2 _uhttp://vivaldi.nlr.ru/pn000150823/text
901 _eГазеты
942 _cISSNP
945 _aРоссийская национальная библиотека
980 _aNB
980 _aBV
981 3 7 _a(37) Ленинград в Великой Отечественной войне
_b(37) Газеты блокадного Ленинграда
981 2 7 _a(27) Периодические издания
_b(27) Газеты